• 首页
  • 本馆介绍
  • 公告通知
  • 最新文献
  • 馆藏检索
  • 电子资源
  • 读者导购
  • 参考咨询
  • 我的图书馆
  • 登录
  • 详细信息显示
  • 放入我的书架
  • 预约/预借图书
  • 作者相关作品
  • 分类相关作品
  • 丛书相关作品
  • 出版社相关作品

书目信息

  • 表格格式
  • 工作单格式
  • 卡片格式
题名:
中国古代货币通考
    
 
作者: 王献唐 著
分册: 中  
出版信息: 济南   齐鲁书社  1979
页数: 613~1172页
开本: 26cm
丛书名:
单 册:
中图分类: K875.64 , K875.6
科图分类:
主题词: 古代货币--考证--中国 , 文物--考古--中国
电子资源:
ISBN:
000 00665nam0 2200253 45
001 0179007204
005 20061116162535.98
010    @dCNY5.00
091    @a11206.6
100    @a19950726d1979 em y0chiy0121 ea
101 0  @achi
102    @aCN@b370000
105    @ay z 000yy
106    @ar
200 10 @a中国古代货币通考@h中@Azhong guo gu dai huo bi tong kao@f王献唐著
210    @a济南@c齐鲁书社@d1979
215    @a613~1172页@d26cm
606    @a古代货币@x考证@y中国
606 0  @a文物@x考古@x中国
690    @aK875.64@v3
690    @aK875.6@v3
701  0 @a王献唐@Awang xian tang@4著
801  0 @aCN@bNLC@c20061116
905    @f1@b60424@dK875.6@e9:2
    
    中国古代货币通考.中/王献唐著.-济南:齐鲁书社,1979
    613~1172页;26cm
    
    
    ISBN :CNY5.00
    
●
相关链接 在E读中查询图书 在五车中查询图书 在当当中查询图书 在豆瓣中查询图书


正题名:中国古代货币通考     索取号:K875.6/9:2         预约/预借

序号 登录号 条形码 馆藏地/架位号 状态 备注
1 0060424   001926866   第二样本阅览室/ [索取号:K875.6/9:2] 在馆    
唐山师范学院图书馆 欢迎您!
大连网信软件有限公司© 版权所有